Терминология китайской медицины. К постановке вопроса; Молодой ученый; № 10 (90)

Manylion Llyfryddiaeth
Parent link:Молодой ученый: ежемесячный научный журнал.— , 2008-
№ 10 (90).— 2015.— [С. 1428-1432]
Prif Awdur: Попова Д. Е. Дарья Евгеньевна
Awdur Corfforaethol: Национальный исследовательский Томский политехнический университет (ТПУ) Институт международного образования и языковой коммуникации (ИМОЯК)
Awduron Eraill: Хоречко У. В. Ульяна Викторовна
Crynodeb:Заглавие с экрана
Iaith:Rwseg
Cyhoeddwyd: 2015
Cyfres:Филология
Pynciau:
Mynediad Ar-lein:http://www.moluch.ru/archive/90/19154/
Fformat: Electronig Pennod Llyfr
KOHA link:https://koha.lib.tpu.ru/cgi-bin/koha/opac-detail.pl?biblionumber=642390

MARC

LEADER 00000nla0a2200000 4500
001 642390
005 20250203145933.0
035 |a (RuTPU)RU\TPU\network\7347 
090 |a 642390 
100 |a 20150624d2015 k||y0rusy50 ca 
101 0 |a rus 
102 |a RU 
135 |a drcn ---uucaa 
181 0 |a i  
182 0 |a b 
200 1 |a Терминология китайской медицины. К постановке вопроса  |f Д. Е. Попова, У. В. Хоречко 
203 |a Текст  |c электронный 
225 1 |a Филология 
300 |a Заглавие с экрана 
320 |a [Библиогр.: с. 1432 (4 назв.)] 
461 |t Молодой ученый  |o ежемесячный научный журнал  |d 2008- 
463 |t № 10 (90)  |v [С. 1428-1432]  |d 2015 
610 1 |a электронный ресурс 
610 1 |a труды учёных ТПУ 
610 1 |a китайская медицина 
610 1 |a терминология 
700 1 |a Попова  |b Д. Е.  |g Дарья Евгеньевна 
701 1 |a Хоречко  |b У. В.  |c лингвист  |c доцент Томского политехнического университета, кандидат филологических наук  |f 1982-  |g Ульяна Викторовна  |3 (RuTPU)RU\TPU\pers\32475  |9 16423 
712 0 2 |a Национальный исследовательский Томский политехнический университет (ТПУ)  |b Институт международного образования и языковой коммуникации (ИМОЯК)  |3 (RuTPU)RU\TPU\col\17810 
801 2 |a RU  |b 63413507  |c 20150624  |g RCR 
856 4 0 |u http://www.moluch.ru/archive/90/19154/ 
942 |c CF